Guess the Elden Ring Boss by Location - Statistics

General Stats
  • This quiz has been taken 90 times
  • The average score is 20 of 25
Answer Stats
Location Answer % Correct
Stormveil Entrance Margit, The Fell Omen
98%
Stormveil Castle Godrick the Grafted
97%
Mountaintops of the Giants Fire Giant
92%
Volcano Manor Rykard, Lord of Blasphemy
92%
Mohgwyn Palace Mohg, Lord of Blood
91%
The Erdtree Radagon of the Golden Order/Elden Beast
91%
Leyndell (Erdtree Sanctuary) Godfrey, First Elden Lord (Shade/Apparition)
89%
Ashen Capital (Throne) Godfrey, the First Elden Lord/Hoarah Loux, Warrior
89%
Raya Lucaria (Debate Hall) Red Wolf of Radagon
89%
Leyndell (Throne) Morgott, the Omen King
86%
Miquella's Haligtree (Haligtree Roots) Malenia, Blade of Miquella
83%
Subterranean Shunning Grounds Mohg, the Omen
83%
Raya Lucaria (Library) Rennala, Queen of The Full Moon
82%
Redmane Castle Starscourge Radahn
82%
Farum Azula (Great Bridge) Beast Clergyman/Maliketh, the Black Blade
77%
Miquella's Haligtree (Haligtree Promenade) Loretta, Knight of the Haligtree
76%
Caria Manor Royal Knight Loretta
76%
Farum Azula (Dragon-Temple) Godskin Duo
73%
Leyndell (Outskirts) Dragonic Tree Sentinel
70%
Farum Azula (Dragonlord's Seat) Dragonlord Placidusax
70%
castle Morne Leonine Misbegotten
70%
Ashen Capital (Erdtree Sanctuary) Sir Gideon Ofnir, the All Knowing
65%
Castle Sol Commander Niall
61%
Deeproot Depths Lichdragon Fortissax
59%
Shaded castle Elemer of the Briar
56%
No matching quizzes found
Score Distribution
Percent of People with Each Score
Percentile by Number Answered
Your Score History
You have not taken this quiz